|
|
|
|
| LEADER |
00000nam0a2200000 4500 |
| 001 |
51416 |
| 005 |
20231031035603.0 |
| 035 |
|
|
|a (RuTPU)RU\TPU\book\53838
|
| 090 |
|
|
|a 51416
|
| 100 |
|
|
|a 20030430d1969 m y0rusy50 ca
|
| 101 |
0 |
|
|a rus
|
| 102 |
|
|
|a RU
|
| 105 |
|
|
|a a j 001zy
|
| 200 |
1 |
|
|a Электрические станции и подстанции
|f Л. Н. Баптиданов, В. И. Тарасов
|
| 205 |
|
|
|a 2-е изд., перераб.
|
| 210 |
|
|
|a Москва
|c Энергия
|d 1969
|
| 215 |
|
|
|a 424 с.
|c ил.
|
| 320 |
|
|
|a Алф. указ.: с. 420-421
|
| 610 |
1 |
|
|a электрические станции
|
| 610 |
1 |
|
|a подстанции электрические
|
| 610 |
1 |
|
|a электроэнергия
|
| 610 |
1 |
|
|a устройство
|
| 610 |
1 |
|
|a генераторы
|
| 610 |
1 |
|
|a трансформаторы
|
| 610 |
1 |
|
|a предохранители
|
| 610 |
1 |
|
|a выключатели
|
| 610 |
1 |
|
|a схемы
|
| 610 |
1 |
|
|a релейная защита
|
| 610 |
1 |
|
|a измерительные приборы
|
| 610 |
1 |
|
|a заземление
|
| 610 |
1 |
|
|a учебные пособия
|
| 675 |
|
|
|a 621.311(075.8)
|v 3
|
| 700 |
|
1 |
|a Баптиданов
|b Л. Н.
|g Лев Николаевич
|
| 701 |
|
1 |
|a Тарасов
|b В. И.
|g Владимир Ильич
|
| 801 |
|
1 |
|a RU
|b 63413507
|c 20030430
|g PSBO
|
| 801 |
|
2 |
|a RU
|b 63413507
|c 20200916
|g PSBO
|
| 942 |
|
|
|c BK
|